महाराष्ट्राचा भूगोल (Record no. 34600)

MARC details
000 -LEADER
fixed length control field 00442nam a2200169Ia 4500
008 - FIXED-LENGTH DATA ELEMENTS--GENERAL INFORMATION
fixed length control field 220531s9999 xx 000 0 und d
041 ## - LANGUAGE CODE
Language code of text/sound track or separate title mar
100 ## - MAIN ENTRY--PERSONAL NAME
Personal name खतीब के.ए.
9 (RLIN) 60574
245 ## - TITLE STATEMENT
Title महाराष्ट्राचा भूगोल
250 ## - EDITION STATEMENT
Edition statement 4
260 ## - PUBLICATION, DISTRIBUTION, ETC. (IMPRINT)
Place of publication, distribution, etc. Pune
Name of publisher, distributor, etc. Ksagar
Date of publication, distribution, etc. 2011
300 ## - PHYSICAL DESCRIPTION
Extent 615
542 ## - INFORMATION RELATING TO COPYRIGHT STATUS
Copyright holder 10-11-2011
650 ## - SUBJECT ADDED ENTRY--TOPICAL TERM
Topical term or geographic name as entry element Geography
9 (RLIN) 60575
906 ## - LOCAL DATA ELEMENT F, LDF (RLIN)
d 2011-2012
Holdings
Withdrawn status Lost status Source of classification or shelving scheme Damaged status Not for loan Collection code Home library Current library Date acquired Vendor Cost, normal purchase price Total Checkouts Total Holds Full call number Barcode Date last seen Bill Date Koha item type Original Barcode
    Dewey Decimal Classification       Shri Siddhivinayak Mahila Mahavidyalaya Shri Siddhivinayak Mahila Mahavidyalaya 10/11/2011 Vaibhav 250.00   1 /-/B/15602 SSMM-BK-15602 06/08/2022 06/08/2022 Books 010015602